000 00411nam a2200169Ia 4500
008 180424s9999 xx 000 0 und d
084 _aT95 S2
100 _a"Suthamathi, R"
245 0 _aNaarkavirasa Nambi Eayatriya Agapporul Vilakam
250 _a\\201200ENGGPSX
260 _aNCBH
260 _b2012
260 _cMadras
300 _a329p
500 _aincludes index and biblioraphy
942 _cBK
999 _c98244
_d98244